[Event "Oberliga Nord O 2324"]
[Site "Germany"]
[Date "2024.04.28"]
[Round "9.4"]
[White "Kiel, Bernd"]
[Black "Bielinski, Dariusz"]
[Result "1/2-1/2"]
[WhiteElo "1990"]
[BlackElo "2135"]
[PlyCount "36"]
[EventDate "2023.10.22"]
[EventType "team-tourn"]
[EventRounds "9"]
[EventCountry "GER"]
[SourceTitle "EXT 2025"]
[Source "ChessBase"]
[SourceDate "2024.10.14"]
[SourceVersion "1"]
[SourceVersionDate "2024.10.14"]
[SourceQuality "1"]
[WhiteTeam "Guestrow/Teterow"]
[BlackTeam "Forst"]
[WhiteTeamCountry "GER"]
[BlackTeamCountry "GER"]

1. e4 d6 2. d4 g6 3. Bc4 Bg7 4. Nf3 Nf6 5. Qe2 0-0 6. 0-0 Bg4 7. c3 Nc6 8. Nbd2 e5 9. h3 Bd7 10. dxe5 Nxe5 11. Nxe5 dxe5 12. Nf3 Nh5 13. Rd1 Qe7 14. Bg5 Bf6 15. Bh6 Rfd8 16. Qe3 Bg7 17. Bg5 Nf6 18. Bd5 c6 1/2-1/2

[Event "Oberliga Nord O 2324"]
[Site "Germany"]
[Date "2024.02.04"]
[Round "5.2"]
[White "Tscheuschner, Georg"]
[Black "Kiel, Bernd"]
[Result "1-0"]
[WhiteElo "2246"]
[BlackElo "1998"]
[PlyCount "77"]
[EventDate "2023.10.22"]
[EventType "team-tourn"]
[EventRounds "9"]
[EventCountry "GER"]
[SourceTitle "EXT 2025"]
[Source "ChessBase"]
[SourceDate "2024.10.14"]
[SourceVersion "1"]
[SourceVersionDate "2024.10.14"]
[SourceQuality "1"]
[WhiteTeam "Berlin Mattnetz"]
[BlackTeam "Guestrow/Teterow"]
[WhiteTeamCountry "GER"]
[BlackTeamCountry "GER"]

1. Nf3 Nf6 2. c4 g6 3. d4 Bg7 4. g3 c6 5. Nc3 d5 6. Qb3 dxc4 7. Qxc4 Be6 8. Qa4 0-0 9. Bg2 h6 10. 0-0 Nbd7 11. e4 Qc8 12. Qc2 Nb6 13. a4 a5 14. Re1 Rd8 15. b3 Bh3 16. Ba3 Bxg2 17. Kxg2 e6 18. Qd2 Kh7 19. Qf4 g5 20. Qd2 Nfd7 21. Be7 Re8 22. Bxg5 hxg5 23. Nxg5+ Kg8 24. e5 c5 25. Nce4 Qc6 26. Kg1 cxd4 27. Qf4 Re7 28. Rac1 Bxe5 29. Qh4 Qd5 30. Nh7 Ree8 31. Qg4+ Kxh7 32. Ng5+ Kg7 33. f4 Kf8 34. Qh5 Ke7 35. Qxf7+ Kd8 36. Rxe5 Qxb3 37. Rxe6 Qe3+ 38. Rxe3 dxe3 39. Ne6+ 1-0

[Event "Mecklenburg VP Verbandsliga 2223"]
[Site "Mecklenburg VP"]
[Date "2022.10.23"]
[Round "1.7"]
[White "Kiel, Bernd"]
[Black "Roeste, Stein"]
[Result "1-0"]
[WhiteElo "1993"]
[BlackElo "1731"]
[PlyCount "67"]
[EventDate "2022.10.23"]
[EventType "team-tourn"]
[EventRounds "9"]
[EventCountry "GER"]
[SourceTitle "EXT 2024"]
[Source "ChessBase"]
[SourceDate "2023.10.10"]
[SourceVersion "1"]
[SourceVersionDate "2023.10.10"]
[SourceQuality "1"]
[WhiteTeam "Guestrow/Teterow"]
[BlackTeam "Makkabi Rostock"]
[WhiteTeamCountry "GER"]
[BlackTeamCountry "GER"]

1. e4 c5 2. c3 d5 3. exd5 Qxd5 4. d4 Nc6 5. Nf3 Bg4 6. dxc5 Qxd1+ 7. Kxd1 e5 8. b4 e4 9. h3 Bxf3+ 10. gxf3 exf3 11. Bb5 0-0-0+ 12. Nd2 Nge7 13. Kc2 Ne5 14. Nc4 N7g6 15. Nxe5 Nxe5 16. Bf4 Ng6 17. Bg3 Be7 18. Bc4 Rhf8 19. Rad1 Bh4 20. Rxd8+ Bxd8 21. Re1 Bc7 22. Bxc7 Kxc7 23. Bd5 h6 24. Bxf3 f6 25. c4 Ne5 26. Bd5 g5 27. Kc3 b6 28. cxb6+ axb6 29. a4 Rd8 30. Ra1 f5 31. a5 Nc6 32. axb6+ Kxb6 33. Bxc6 Kxc6 34. Ra6+ 1-0

[Event "Mecklenburg VP Verbandsliga 1920"]
[Site "Mecklenburg VP"]
[Date "2019.09.29"]
[Round "1.5"]
[White "Boecking, Uwe"]
[Black "Kiel, Bernd"]
[Result "1/2-1/2"]
[WhiteElo "1769"]
[BlackElo "1989"]
[PlyCount "113"]
[EventDate "2019.09.29"]
[EventType "team-tourn"]
[EventRounds "9"]
[EventCountry "GER"]
[SourceTitle "EXT 2023"]
[Source "ChessBase"]
[SourceDate "2022.10.05"]
[SourceVersion "1"]
[SourceVersionDate "2022.10.05"]
[SourceQuality "1"]
[WhiteTeam "Rostock Turbine"]
[BlackTeam "Guestrow/Teterow"]
[WhiteTeamCountry "GER"]
[BlackTeamCountry "GER"]

1. e4 d5 2. exd5 Nf6 3. Nc3 Nxd5 4. Nxd5 Qxd5 5. Nf3 Bg4 6. Be2 Nc6 7. d3 e6 8. Be3 Bd6 9. 0-0 Ne5 10. Ng5 Bxe2 11. Qxe2 h6 12. Ne4 0-0-0 13. Nxd6+ cxd6 14. f4 Nc6 15. a3 Kb8 16. Qf3 Qf5 17. Qe4 Qh5 18. b4 g5 19. b5 Ne7 20. Bd4 Rhg8 21. Bf6 Rd7 22. Bxe7 Rxe7 23. f5 g4 24. a4 g3 25. h3 Qg5 26. Rf4 h5 27. c4 Rge8 28. f6 Rc7 29. Raf1 Rec8 30. Qe3 Rc5 31. h4 Qg6 32. R1f3 Re5 33. Re4 Rxe4 34. Qxe4 Qxe4 35. dxe4 Rxc4 36. Rxg3 Rxe4 37. Rg7 Rf4 38. Rxf7 d5 39. a5 d4 40. b6 axb6 41. axb6 Kc8 42. Rc7+ Kd8 43. f7 d3 44. Rc3 Rxf7 45. Rxd3+ Ke7 46. Kh2 e5 47. Kh3 Rf6 48. Rd5 Re6 49. Rc5 e4 50. Rc2 Rxb6 51. Kg3 Ke6 52. Kf4 Rb4 53. Rc5 e3+ 54. Kxe3 Rxh4 55. Rb5 Rg4 56. Kf3 Rg7 57. Rxh5 1/2-1/2

[Event "Oberliga Nord O 1819"]
[Site "Germany"]
[Date "2019.02.03"]
[Round "6.6"]
[White "Kiel, Bernd"]
[Black "Venske, Kai Gerrit"]
[Result "1-0"]
[WhiteElo "1957"]
[BlackElo "2172"]
[PlyCount "123"]
[EventDate "2018.10.21"]
[EventType "team-tourn"]
[EventRounds "9"]
[EventCountry "GER"]
[SourceTitle "EXT 2020"]
[Source "ChessBase"]
[SourceDate "2019.10.17"]
[SourceVersion "1"]
[SourceVersionDate "2019.10.17"]
[SourceQuality "1"]
[WhiteTeam "Guestrow/Teterow"]
[BlackTeam "Berlin Weisse Dame"]
[WhiteTeamCountry "GER"]
[BlackTeamCountry "GER"]

1. e4 d5 2. exd5 Qxd5 3. Nf3 Bg4 4. Be2 Nc6 5. d4 0-0-0 6. Be3 e5 7. c4 Qa5+ 8. Bd2 Bb4 9. d5 Bxf3 10. Bxf3 Bxd2+ 11. Nxd2 Nd4 12. 0-0 Qb4 13. Rc1 Nf6 14. Nb3 Nxb3 15. axb3 Kb8 16. Ra1 e4 17. Be2 Qd6 18. Qd4 b6 19. Ra6 Rd7 20. Qc3 c5 21. dxc6 Qxc6 22. b4 Qc7 23. c5 Rc8 24. Rc1 Nd5 25. Qb3 Nf4 26. Bf1 Nd3 27. Rc2 Qb7 28. Qa3 bxc5 29. bxc5 Nb4 30. c6 Rxc6 31. Raxc6 Nxc6 32. h3 f5 33. Rc3 Nb4 34. Rc4 Nc6 35. Rc5 Nd4 36. Rc4 Nc6 37. Qa4 Rc7 38. Rc5 Ka8 39. Ba6 Qb6 40. Rxf5 Nb8 41. Qxe4+ Qc6 42. Bd3 Qxe4 43. Bxe4+ Nc6 44. Rc5 Kb7 45. Bxh7 Kb6 46. Rc3 Rd7 47. f4 g5 48. Be4 Nd4 49. Kf2 gxf4 50. Rc8 Re7 51. Bf3 Kb5 52. Rf8 Ne6 53. Rf5+ Kc4 54. Bd5+ Kd3 55. Re5 Rc7 56. Rxe6 Rc2+ 57. Kf3 Kd4 58. Be4 Rxb2 59. Kxf4 Re2 60. Rd6+ Kc5 61. Ra6 Kd4 62. Ra4+ 1-0

[Event "Mecklenburg VP VL 1718"]
[Site "Mecklenburg VP"]
[Date "2017.10.08"]
[Round "1.3"]
[White "Kiel, Bernd"]
[Black "Sowada, Christoph"]
[Result "0-1"]
[WhiteElo "1892"]
[BlackElo "1911"]
[PlyCount "116"]
[EventDate "2017.10.08"]
[EventType "team-tourn"]
[EventRounds "9"]
[EventCountry "GER"]
[SourceTitle "EXT 2022"]
[Source "ChessBase"]
[SourceDate "2021.10.06"]
[SourceVersion "1"]
[SourceVersionDate "2021.10.06"]
[SourceQuality "1"]
[WhiteTeam "Guestrow/Teterow"]
[BlackTeam "Greifswald II"]
[WhiteTeamCountry "GER"]
[BlackTeamCountry "GER"]

1. e4 e5 2. Nf3 Nc6 3. c3 d5 4. Qa4 f6 5. Bb5 Nge7 6. exd5 Qxd5 7. d4 e4 8. Nfd2 e3 9. Nf3 exf2+ 10. Kxf2 Bd7 11. Re1 a6 12. c4 Qf5 13. d5 Ne5 14. Bxd7+ Qxd7 15. Qxd7+ Nxd7 16. Be3 0-0-0 17. b4 Ng6 18. c5 Nde5 19. Nxe5 Nxe5 20. Rd1 Ng4+ 21. Kf3 Nxe3 22. Kxe3 g6 23. Nc3 Bh6+ 24. Kd3 f5 25. Re1 Rhe8 26. Rad1 Bg7 27. Rxe8 Rxe8 28. Kc4 Re3 29. Rd3 b5+ 30. cxb6 Rxd3 31. Kxd3 cxb6 32. a4 Kc7 33. Ne2 b5 34. axb5 axb5 35. Nf4 Kd6 36. Ne6 Be5 37. h3 Kxd5 38. Nf8 Bd6 39. Nxh7 Bxb4 40. Ng5 Ke5 41. Ke2 Be7 42. Nf3+ Ke4 43. Nd2+ Kd4 44. Nf3+ Kc3 45. Ne5 g5 46. Nc6 Bf6 47. Kf3 b4 48. Nxb4 Kxb4 49. h4 Kc3 50. hxg5 Bxg5 51. Kf2 Kd3 52. Kg1 Ke2 53. Kh1 Bf4 54. Kg1 Bc7 55. Kh1 Kf2 56. g4 f4 57. g5 Ke2 58. g6 Be5 0-1

[Event "Rostock SSC op 16th"]
[Site "Rostock"]
[Date "2017.07.27"]
[Round "3"]
[White "Kiel, Bernd"]
[Black "Langer, Robert"]
[Result "1-0"]
[WhiteElo "1970"]
[BlackElo "1672"]
[PlyCount "37"]
[EventDate "2017.07.26"]
[EventType "swiss"]
[EventRounds "7"]
[EventCountry "GER"]
[SourceTitle "EXT 2018"]
[Source "ChessBase"]
[SourceDate "2017.10.13"]
[SourceVersion "1"]
[SourceVersionDate "2017.10.13"]
[SourceQuality "1"]

1. e4 c5 2. c3 Nf6 3. e5 Nd5 4. Nf3 Nc6 5. d4 cxd4 6. cxd4 Qa5+ 7. Bd2 Qb6 8. Nc3 Nxc3 9. bxc3 Qb2 10. Bd3 e6 11. 0-0 Qa3 12. Qe2 d6 13. Rfe1 dxe5 14. Nxe5 Nxe5 15. Qxe5 a6 16. f4 Qd6 17. Qe4 Rb8 18. f5 Be7 19. Bf4 1-0

[Event "Oberliga Nord O 1617"]
[Site "Germany"]
[Date "2017.03.19"]
[Round "7.7"]
[White "Jahnz, Fabian"]
[Black "Kiel, Bernd"]
[Result "1-0"]
[WhiteElo "2235"]
[BlackElo "1993"]
[PlyCount "59"]
[EventDate "2016.10.16"]
[EventType "team-tourn"]
[EventRounds "9"]
[EventCountry "GER"]
[SourceTitle "EXT 2018"]
[Source "ChessBase"]
[SourceDate "2017.10.13"]
[SourceVersion "1"]
[SourceVersionDate "2017.10.13"]
[SourceQuality "1"]
[WhiteTeam "Koenig Tegel"]
[BlackTeam "Guestrow/Teterow"]
[WhiteTeamCountry "GER"]
[BlackTeamCountry "GER"]

1. e4 d5 2. exd5 Qxd5 3. Nc3 Qa5 4. d4 Nf6 5. Nf3 Bf5 6. Bd2 c6 7. Bc4 e6 8. Nd5 Qd8 9. Nxf6+ Qxf6 10. Qe2 Bg4 11. d5 cxd5 12. Bxd5 Nc6 13. Bc3 Qh6 14. Bxc6+ bxc6 15. Qa6 Bxf3 16. gxf3 e5 17. Qb7 Rd8 18. Ba5 Be7 19. Bxd8 Bxd8 20. Qb4 a5 21. Qc5 Qf6 22. 0-0-0 Be7 23. Qxa5 0-0 24. Qc3 Rb8 25. Kb1 Bb4 26. Qb3 Bd6 27. Qe3 e4 28. c3 Bf4 29. Qxe4 Qxc3 30. Rd8+ 1-0

[Event "Mecklenburg VP VL 1516"]
[Site "Mecklenburg VP"]
[Date "2016.03.13"]
[Round "7.5"]
[White "Kiel, Bernd"]
[Black "Celmer, Ole"]
[Result "0-1"]
[WhiteElo "1914"]
[BlackElo "1893"]
[PlyCount "78"]
[EventDate "2015.09.20"]
[EventType "team-tourn"]
[EventRounds "9"]
[EventCountry "GER"]
[SourceTitle "EXT 2022"]
[Source "ChessBase"]
[SourceDate "2021.10.06"]
[SourceVersion "1"]
[SourceVersionDate "2021.10.06"]
[SourceQuality "1"]
[WhiteTeam "Guestrow/Teterow"]
[BlackTeam "Rostock SSC 07 II"]
[WhiteTeamCountry "GER"]
[BlackTeamCountry "GER"]

1. e4 e5 2. Nf3 Nc6 3. c3 Nf6 4. d4 exd4 5. e5 Nd5 6. cxd4 Bb4+ 7. Bd2 Bxd2+ 8. Nbxd2 0-0 9. Bb5 Nce7 10. 0-0 d6 11. Rc1 dxe5 12. Nxe5 Nf4 13. Ndf3 Be6 14. a3 c6 15. Ba4 Qb6 16. Qd2 Ned5 17. Bc2 Qd8 18. h4 Qf6 19. Ng5 Bf5 20. g4 Bxc2 21. Qxc2 g6 22. Nd7 Qxd4 23. Nxf8 Rxf8 24. Rfd1 Qf6 25. Qc4 Qxb2 26. Rb1 Qe2 27. Qxe2 Nxe2+ 28. Kg2 Ndc3 29. Re1 Nxb1 30. Rxb1 b6 31. Ne4 c5 32. Nf6+ Kg7 33. g5 Nd4 34. Re1 Ne6 35. a4 Rd8 36. Rb1 Rd4 37. a5 Rb4 38. axb6 axb6 39. Rd1 b5 0-1